000 00493nam a22001697a 4500
003 SGT
020 _a9788185044897
082 _a330,KUM
100 _aKUMAR,RAJ
245 _aBUSINESS ECONOMICS-1
250 _a3RD
260 _aNEW DELHI
_bUDH
_c2011
300 _a449
650 _aECONOMICS
653 _aINTRODUCTION TO BUSINESS ECONOMICS AND FUNDAMENTALS CONCEPTS.CONSUMER BEHAVIOR AND DEMAND ANALYSIS,THEORY OF PRODUCTION,COST ANALYSIS AND PRICE OUTPUT DECISION
942 _2ddc
_cFCM
_02
999 _c8888
_d8888